| 000 | 01120nam a22002777a 4500 | ||
|---|---|---|---|
| 999 |
_c118542 _d118542 |
||
| 003 | dpl | ||
| 005 | 20190423152043.0 | ||
| 008 | 190423b ||||| |||| 00| 0 eng d | ||
| 010 | _aB-071793, B-071797 | ||
| 020 | _c150.00 | ||
| 035 | _aB-071793 | ||
| 037 | _bCen Lib/Ret | ||
| 040 |
_aDPL _bHN _c0 |
||
| 082 |
_a305.4 _bजैनसु |
||
| 100 |
_aजैन, सुधा _92233 |
||
| 245 |
_aआधुनिक नारी : _cसुधा जैन _bदशा और दिशाएँ / |
||
| 246 |
_aAdhunik naari : dasha aur dishaen / _bby Sudha Jain |
||
| 260 |
_aदिल्ली _bसूर्ये भारती प्रकाशन _c2001 |
||
| 270 |
_bदिल्ली _e110006 _a2596, नई सड़क |
||
| 300 |
_a144पृ. _c20सेमी(सजिल्द) |
||
| 650 |
_aनारी की दशा -- आधुनिक समाज _980772 |
||
| 650 |
_aनारी की समस्याएँ _980773 |
||
| 650 |
_aWoman's condition - modern society _980774 |
||
| 650 |
_aWomen's Issues _980775 |
||
| 942 |
_2ddc _cHN _h305.4 _mजैनसु |
||